000 00271nam a2200133Ia 4500
100 _aFeibel/W
942 _cBK
654 _aQuick C
245 _aAdvanced Quick C
260 _bOsborne McGraw Hill
_aBerkeley
_c1989
300 _a746
546 _aENGLISH
999 _c31808
_d31808